000 00756nam a2200229 i 4500
001 5627
003 ES-MaACL
005 20230906144638.0
007 t|
008 890410s1988 sp ||||1| spa d
020 _a84-7398-570-2
080 _a35.077.3(46)
100 1 _aGonzález Pérez, Jesús.
_958870
245 1 0 _aComentarios a la Ley de Procedimiento Administrativo /
_cJesús González Pérez ; con la colaboración de Pedro González Salinas.
250 _a2a ed.
260 _aMadrid :
_bCivitas,
_c1988.
300 _a1376 p. ;
_c24 cm.
500 _aIndices.
650 4 _aProcedimiento administrativo-
_zEspaña-
_vLegislación.
_916418
700 1 _aGonzález Salinas, Pedro.
_958951
852 _aES-MaACL
_jL-12475
_bR.115662
_z. - plast.
999 _c5627
_d5627